| 000 | 01197nam a22002537a 4500 | ||
|---|---|---|---|
| 005 | 20100729120116.0 | ||
| 010 | _aHIN-89887 | ||
| 020 |
_c190.00 _a9788190440608 |
||
| 035 | _aHN-62233 | ||
| 037 | _bDBAD / PUB | ||
| 082 | _aउ | ||
| 100 |
_aप्रसाद _923648 |
||
| 245 |
_aमौत की दस्तक बार-बार: _cप्रसाद _bएक कैंसर मरीजा की आप बीती / |
||
| 246 |
_aMaut Ki Dastak Bar-Bar _bby Prasad |
||
| 260 |
_aदिल्ली _bप्रखर पब्लिशर्स _c2009 |
||
| 270 |
_a2005, गली राजा उग्रसेन, सीताराम बाजार _bदिल्ली _e110006 _k011-23861151, 09810303048 |
||
| 300 |
_a162पृ. _c22सेमी (सजिल्द) |
||
| 650 |
_bहिन्दी कथा साहित्य _9657 |
||
| 650 |
_bहिन्दी कथा साहित्य _9657 |
||
| 650 |
_aHindi Fiction _923649 |
||
| 700 | _92325 | ||
| 942 |
_2ddc _cHN _hउ _mप्रसाद |
||
| 999 |
_c38176 _d38176 |
||